Пластические массы: научно-технический журнал

التفاصيل البيبلوغرافية
اللغة:الروسية
منشور في: Mосква, Пластические массы, 1960-
الموضوعات:
الوصول للمادة أونلاين:https://elibrary.ru/title_about.asp?id=7947
http://www.polyplastic.ru/press/plastic-masses
التنسيق: MixedMaterials الكتروني دورية
KOHA link:https://koha.lib.tpu.ru/cgi-bin/koha/opac-detail.pl?biblionumber=380546

MARC

LEADER 00000nas1a2200000 4500
001 380546
005 20231101062703.0
011 |a 0554-2901 
035 |a (RuTPU)RU\TPU\prd\1684 
035 |a RU\TPU\prd\293 
090 |a 380546 
100 |a 20020219a19599999k y0rusy50 ca 
101 0 |a rus 
102 |a RU 
110 |a afaz|||0uu0 
200 1 |a Пластические массы  |e научно-технический журнал 
210 |a Mосква  |d 1960-  |c Пластические массы 
305 |a Издается с 1959 г. 
326 |a 12 номеров в год 
469 |0 (RuTPU)RU\TPU\subscr\19 
610 1 |a химическая технология 
610 1 |a пластические массы 
610 1 |a полимеры 
675 |a 678.5 
801 0 |a RU  |b 63413507  |c 20011210  |g PSBO 
801 2 |a RU  |b 63413507  |c 20180118  |g PSBO 
856 4 |u https://elibrary.ru/title_about.asp?id=7947 
856 4 |u http://www.polyplastic.ru/press/plastic-masses 
942 |c CR 
969 |0 001RU\TPU\subscr\19